|
|
|
|
| LEADER |
00000nam0a2200000 4500 |
| 001 |
324233 |
| 005 |
20231101023058.0 |
| 035 |
|
|
|a (RuTPU)RU\TPU\book\349830
|
| 090 |
|
|
|a 324233
|
| 100 |
|
|
|a 20161110d1955 km y0rusy50 ca
|
| 101 |
0 |
|
|a rus
|
| 102 |
|
|
|a RU
|
| 105 |
|
|
|a a z 001zy
|
| 200 |
1 |
|
|a Очерки по истории библиотечно-библиографической классификации
|h Т. 1
|f Е. И. Шамурин
|g Всесоюзная книжная палата (ВКП)
|
| 210 |
|
|
|a Москва
|c Изд-во Всесоюзной книжной палаты
|d 1955
|
| 215 |
|
|
|a 399 с.
|c ил.
|
| 320 |
|
|
|a Указ. имен: с. 383-390
|
| 320 |
|
|
|a Библиография в примечаниях : с. 322-382
|
| 320 |
|
|
|9 572
|a Библиография в примечаниях : с. 322-382
|
| 606 |
1 |
|
|a Библиотечно-библиографическая классификация,советская(ББК)
|2 stltpush
|3 (RuTPU)RU\TPU\subj\28614
|
| 610 |
1 |
|
|a история
|
| 610 |
1 |
|
|a библиотечное дело
|
| 610 |
1 |
|
|a библиотечные классификации
|
| 610 |
1 |
|
|a систематизация
|
| 610 |
1 |
|
|a книги
|
| 610 |
1 |
|
|a Дальний Восток
|
| 610 |
1 |
|
|a античность
|
| 610 |
1 |
|
|a средние века
|
| 610 |
1 |
|
|a Возрождение
|
| 610 |
1 |
|
|a реформы
|
| 610 |
1 |
|
|a 11 век
|
| 610 |
1 |
|
|a 12 век
|
| 610 |
1 |
|
|a 13 век
|
| 610 |
1 |
|
|a 14 век
|
| 610 |
1 |
|
|a 15 век
|
| 610 |
1 |
|
|a 16 век
|
| 610 |
1 |
|
|a 17 век
|
| 610 |
1 |
|
|a 18 век
|
| 686 |
|
|
|a Ч736.241.21(2)1
|v LBC/SL-A
|2 rubbk
|
| 700 |
|
1 |
|a Шамурин
|b Е. И.
|g Евгений Иванович
|
| 712 |
0 |
2 |
|a Всесоюзная книжная палата (ВКП)
|c (Москва)
|c (1936-1992)
|2 stltpush
|3 (RuTPU)RU\TPU\col\11219
|
| 801 |
|
1 |
|a RU
|b 63413507
|c 20161110
|
| 801 |
|
2 |
|a RU
|b 63413507
|c 20200318
|g RCR
|
| 942 |
|
|
|c BK
|